Sadzobník pre navrhovanie ponukových cien projektových prác a inžinierskych činností : Novela 2013

Salvato in:
Dettagli Bibliografici
Natura: Libro
Lingua:slovacco
Pubblicazione: Bratislava : UNIKA, 2013
Soggetti:
Tags: Aggiungi Tag
Nessun Tag, puoi essere il primo ad aggiungerne!!

MARC

LEADER 00000nam a22000003a 4500
001 stu267021
005 20141123172222.2
008 130522s2013------------------------slo-d
020 |a 978-80-88966-85-2 
040 |a STU  |b slo 
041 0 |a slo 
245 |a Sadzobník pre navrhovanie ponukových cien projektových prác a inžinierskych činností :  |b Novela 2013 
260 |a Bratislava :  |b UNIKA,  |c 2013 
300 |a 183 s 
650 7 |a odborná literatúra architekta  |2 stusub 
996 |b 284AU05717  |c A*8508 U  |l AAKNST  |s P  |a 0  |w stu267021_0001